| 000 | 01285cad a22002055a 4500 | ||
|---|---|---|---|
| 001 | L152645 | ||
| 008 | 110407e20110118xxk 000 0 eng d | ||
| 035 | _a(Sirsi) u152645 | ||
| 041 | 0 | _aeng | |
| 245 | 0 | 0 |
_aEverett and another v Comojo (UK) Ltd (t/aThe Metropolitan and others) _h[electronic resource] |
| 260 | _c2011 | ||
| 520 | _a[2011] EWCA Civ 13, 18 January 2011. Considers the responsibility of a nightclub for injuries caused to guests by another guest. Appellants Everett and Harrison (E) visited as guests a members-only bar where they were subjected to a knife attack by another guest. E had sued the respondent Comojo (UK) Ltd (C) in the CC for damages alleging that C had not taken appropriate steps to protect its guests. CC found for C but E appealed to CA. "Held": CA found that C had a duty of care to its customers but was not in breach in this case. | ||
| 590 | _aKA | ||
| 650 | 2 | 4 | _aEVERETT AND ANOR V COMOJO (UK) LTD (T/A THE METROPOLITAN AND ORS) |
| 650 | 2 | 4 | _aOCCUPIER'S LIABILITY ACT 1957 |
| 651 | 4 |
_aEngland and Wales _y1543- |
|
| 690 | _aMANAGEMENT-BUSINESS MANAGEMENT-PROFESSIONAL PRACTICE-DUTY OF CARE-LIABILITY | ||
| 856 | 4 | 0 |
_uhttps://www.bailii.org/ew/cases/EWCA/Civ/2011/13.html _zView the law report free of charge at www.bailii.org |
| 942 | _n0 | ||
| 999 |
_c83051 _d83051 |
||